000 00971nam a22002177a 4500
003 BDDh-ASL
005 20250125114031.0
008 200915b1969 ||||| |||| 00| 0 d
040 _aBDDh-ASL
_cBDDh-ASL
_dBDDh-ASL
041 _abengali
082 _a297.18
_bFAL
100 _9757
_aফয়জুল্লাহ্, মীর
245 1 _aসুলতান জমজমা/
_cমীর ফয়জুল্লাহ্; আবদুল গফুর (সম্পা.)
246 _aSultan Jamjama.
260 _aঢাকা:
_bকেন্দ্রিয় বাঙলা উন্নয়ন বোর্ড,
_c১৯৬৯।
300 _a১৫৬ পৃষ্ঠা:
_c২২ সে. মি.।
504 _aগ্রন্থপঞ্জি সংযুক্ত।
650 0 _9758
_aইসলামিক পাণ্ডুলিপি
_xইসলাম ধর্ম
700 _9759
_aগফুর, আবদুল
942 _2ddc
_cBK
999 _c17936
_d17936